000 00556nam a2200193Ia 4500
005 20260120130013.0
008 008 260114s9999 xx 000 0 eng d
020 _a9780191924682
037 _aEBOOK
040 _aCRL
_beng
_cCRL
041 _aeng
_2eng
084 _qCRL
100 _aDingwall
_9909883
245 0 _aInternational Law and Corporate Actors in Deep Seabed Mining
260 _bOUPOxford University Press
_c2021
856 _uhttp://dx.doi.org/10.1093/oso/9780192898265.001.0001
942 _cEBOOK
999 _c1501782
_d1501782